Responses for Show #7102 - Tuesday, June 30, 2015

Contestants

[<< previous game]

Adrian Perez, a music minister from Suwanee, Georgia

Amy Hollis, a freelance editor from Akron, Ohio

Brandon Powell, a contracting officer from Huntsville, Alabama (whose 1-day cash winnings total $15,388)

[next game >>]

Jeopardy! Round responses

WHAT'S COOKING AT THE NEW YORK TIMES
WATER UNDER THE BRIDGE
DOCTOR WHO
AMY ADAMS FILM ROLES
(Alex: ...we want you to identify the motion picture for us.)
OUR MUSICAL PRESIDENTS
"USA"!
    $200 9
nutmeg

Brandon
    $200 4
the Nile

Adrian
    $200 22
Freud

Adrian
    $200 13
American Hustle

Adrian
    $200 11
(Brandon: Who is Ford?)

Richard Nixon

Brandon
Triple Stumper
    $200 1
a crusade

Brandon
    $400 10
caramelize

Amy
    $400 5
Narragansett Bay

Brandon
    $400 23
(Arthur Conan) Doyle

Adrian
    $400 14
The Fighter

Adrian
    $400 12
Bill Clinton

Adrian
    $400 2
inexcusable

Triple Stumper
    $600 28
kimchi

Adrian
    $600 6
the Danube

Brandon
    $600 24
Spock

Brandon
    $600 15
Doubt

Triple Stumper
    $600 18
Truman

Amy
    $600 3
spousal

Triple Stumper
    $800 29
crimping

Adrian
    $800 7
the Thames

Adrian
    $800 25
Rorschach

Brandon
    $800 16
Big Eyes

Triple Stumper
    $800 19
a violin

Amy
    $800 21
sausage

Amy
    $1000 30
shocking

Adrian
    $1000 8
the Saint Lawrence

Adrian
    $400 26
(Robert) Atkins

Brandon
    $1000 17
(Adrian: What is The Curve?)

Trouble with the Curve

BrandonAdrian
    $1000 20
(Amy: Um, what is Indiana?)

Ohio

BrandonAmy
    $1000 27
recusal

Amy

Scores at the first commercial break (after clue 15):

Brandon Amy Adrian
$1,200 $400 $3,000

Scores at the end of the Jeopardy! Round:

Brandon Amy Adrian
$5,000 $2,600 $5,000

Double Jeopardy! Round responses

THE THEATER
OXYGEN
NAME THE 19th CENTURY DECADE
SNOW WHITE'S LESSER-KNOWN DWARFS
(Alex: Each correct will have a "-py" sound like "Happy" or "Dopey"--that kind of thing.)
WHOLE LOTTA LOVE BOAT
USA!
    $400 16
Blanche DuBois

Brandon
    $400 12
pulmonary

Brandon
    $400 7
the 1860s

Brandon
    $400 1
Hippie

Brandon
    $400 18
Fantasy Island

Amy
    $400 2
Hershey

Adrian
    $800 22
Fiddler on the Roof

Adrian
    $800 13
ozone

Brandon
    $800 29
(Amy: Uh, 1850s?)
(Alex: No. Adrian.)
(Amy: Oh, sorry.)
(Adrian: What are the 1850s?)
...
(Alex: Because of the famous gold rush, yes.)

the 1840s

AmyAdrian
Triple Stumper
    $800 8
Skippy

Adrian
    $800 19
Teri Hatcher

Triple Stumper
    $800 3
parishes

Adrian
    $1200 23
Globe

Brandon
    $1200 14
a jet engine

Triple Stumper
    $1200 30
(Amy: Uh, what are the 1830s?)
...
(Alex: You had to think of the "1812 Overture"--)
(Amy: Oh, of course you did.)
(Alex: --to go to [*].)

the 1810s

Amy
Triple Stumper
    $1200 9
Zippy

Amy
    $1200 20
Julie

Amy
    $1200 4
the Lincoln Memorial

Brandon
    $1600 24
(Auntie) Mame

Amy
    $1600 15
pig iron

Amy
    $1,000 27
(Alex: 1876. It's the Centennial State.)

the 1870s

Adrian
    $1600 10
Sloppy

Amy
    $1600 21
exciting & new

Brandon
    $1600 5
Becky Thatcher

Adrian
    $2000 25
Betrayal

Triple Stumper
    $1,000 17
(Brandon: [Shakes head] Nothing.)

hyperbaric

Brandon
    $2000 28
(Amy: Uh, what are the 1890s?)

the 1880s

Amy
Triple Stumper
    $2000 11
Nippy

Brandon
    $2000 26
(Alex: Less than a minute now.)

Aaron Spelling

Adrian
    $2000 6
Chicago

Triple Stumper

Scores at the end of the Double Jeopardy! Round:

Brandon Amy Adrian
$12,400 $6,200 $11,600

[wagering suggestions for these scores]

Final Jeopardy! Round responses

FAMOUS WOMEN
(Alex: She'd been missing for two years.)
...
(Alex: [To Amy] She was missing in her attempt to fly around the Earth. )
AmyWho is Amelia Earhart
$6,200
AdrianWho is Rosie the Riveter?
$4,600
BrandonWho was Amelia Erhardt?
$11,000
Amelia Earhart

Final scores:

Brandon Amy Adrian
$23,400 $12,400 $7,000
2-day champion: $38,788 2nd place: $2,000 3rd place: $1,000

Game dynamics:

Coryat scores:

Brandon Amy Adrian
$14,000 $6,200 $12,200
18 R
(including 1 DD),
2 W
(including 1 DD)
11 R,
4 W
18 R
(including 1 DD),
2 W

Combined Coryat: $32,400

[game clues] [game scores] [suggest correction]

Game tape date: Unknown
The J! Archive is created by fans, for fans. Scraping, republication, monetization, and malicious use prohibited; this site may use cookies and collect identifying information. See terms. The Jeopardy! game show and all elements thereof, including but not limited to copyright and trademark thereto, are the property of Jeopardy Productions, Inc. and are protected under law. This website is not affiliated with, sponsored by, or operated by Jeopardy Productions, Inc. Join the discussion at JBoard.tv.